LEADER 01007nam a2200241 i 4500 001 000000248361 003 CaOOAMICUS 005 20160314000000.0 008 160314s1961 it u000 u ita u 013 $a227266 040 $aSeMil$bita 100 1 $aIparraguirre, Ignacio,$c.$0(OLS)http://semarc/name/10661 245 10$aDirettorio per un corso di esercizi di cinque o tre giorni /$cIgnacio Iparaguirre S.J. 260 $aMilano :$bSelecta,$c1961. 300 $a201 p. ;$c19 cm. 490 0 $aAscetica e mistica ;$v6 650 4$aEsercizi spirituali - Direttorio.$0(OLS)http://semarc/subject/3058 830 0$aAscetica e mistica ;$v6.$0(OLS)http://semarc/title/17206 850 $aSeMil 852 $aSeMil$W1$xVenegono$y1$m3F II 670$j198707$B198707$CSeMilBibl$Z2$F210333 $81 961 $aLascito: Calori don Carlo 996 $6245$aDirettorio per un corso di esercizi di cinque o tre giorni$9(OLS)http://semarc/title/350495 996 $6260$aMilano :$bSelecta$9(OLS)http://semarc/publisher/32023 LEADER 01230nam a2200253 i 4500 001 000000072437 003 CaOOAMICUS 005 20090325000000.0 008 090325s1948 it u000 u ita u 013 $a43609 040 $aSeMil$bita 100 1 $aManacorda, Guido,$d<1879-1965>.$0(OLS)http://semarc/name/5618 245 10$aLineamenti di un'estetica del trascendente :$bcorso tenuto all'Angelicum di Milano (novembre-dicembre 1947) /$cda Guido Manacorda ; commento e proiezioni a cura di Eva Tea. 260 $a[S.l. :$bs.n.],$cpref. 1948$e(Milano :$fScuola tip. Artigianelli,$gpref. 1948) 300 $a182 p. ;$c19 cm. 490 0 $aQuaderni dell'Angelicum 500 $aSul front.: Dispense. 650 4$aEstetica.$0(OLS)http://semarc/subject/618 700 1 $aTea, Eva,$d<1866-1971>.$0(OLS)http://semarc/name/7547 830 0$aQuaderni dell'Angelicum.$0(OLS)http://semarc/title/27704 850 $aSeMil 852 $aSeMil$W1$xVenegono$y1$m2Q I 278$j38590$B38590$CSeMilBibl$Z2$F38593 $81 996 $6245$aLineamenti di un'estetica del trascendente :$bcorso tenuto all'Angelicum di Milano (novembre-dicembre 1947)$9(OLS)http://semarc/title/116769 996 $6260$a[S.l. :$bs.n.]$9(OLS)http://semarc/publisher/29751 LEADER 01025nam a2200265 i 4500 001 000000131229 003 CaOOAMICUS 005 20070313000000.0 008 070313s1991 it u000 u ita u 013 $a104086 040 $aSeMil$bita 100 1 $aMünz, Ludwig.$0(OLS)http://semarc/name/54235 245 10$aRembrandt /$cTesto di Ludwig Münz ; con commenti di Bob Haak. 260 $aMilano :$bGarzanti,$ccopyr. 1991. 300 $a[151] p. :$briccamente ill. ;$c34 cm. 490 0 $aI grandi pittori 500 $aIn custodia. 650 4$aRembrandt <1606-1669> - Cataloghi di esposizioni.$0(OLS)http://semarc/subject/24047 700 1 $aHaak, Bob.$0(OLS)http://semarc/name/54236 830 2$aI grandi pittori.$0(OLS)http://semarc/title/14368 850 $aSeMil 852 $aSeMil$W1$xVenegono$y1$m5I IX 36$j85212$B85212$CSeMilBibl$Z2$F121555 $8I 961 $aOmaggio: Altro 996 $6245$aRembrandt$9(OLS)http://semarc/title/193118 996 $6260$aMilano :$bGarzanti$9(OLS)http://semarc/publisher/29852